Annual report: (Record no. 66158)

MARC details
000 -LEADER
fixed length control field 00325nam a2200097 4500
008 - FIXED-LENGTH DATA ELEMENTS--GENERAL INFORMATION
fixed length control field 240903b |||||||| |||| 00| 0 eng d
040 ## - CATALOGING SOURCE
Original cataloging agency National Science Library
Transcribing agency National Science Library
245 ## - TITLE STATEMENT
Title Annual report:
Remainder of title Silk and art silk mill's research association
260 ## - PUBLICATION, DISTRIBUTION, ETC.
Place of publication, distribution, etc. U.P.:
Name of publisher, distributor, etc. University of Roorkee
942 ## - ADDED ENTRY ELEMENTS (KOHA)
Koha item type Reports
Source of classification or shelving scheme Universal Decimal Classification
Holdings
Withdrawn status Lost status Materials specified (bound volume or other part) Damaged status Not for loan Home library Current library Shelving location Date acquired Total Checkouts Barcode Date last seen Price effective from Koha item type
    1962-63 to 1969-70     National Science Library National Science Library FF/Rk-23/C-13/R-3 20/07/1973   44146 03/09/2024 20/07/1973 Reports